Účtovná závierka 2000 pre podvojné účtovníctvo

Prehľad všeobecne záväzných právnych noriem. Prehľad prác a úloh pred uzatvorením účtovných kníh. Uzavieranie účtovných kníh. Zostavenie účtovnej závierky.

Salvato in:
Dettagli Bibliografici
Autore principale: Kardoš, Štefan
Altri autori: Pastierik, Vladimír
Natura: Capitolo di libro
Lingua:slovacco
Soggetti:
Tags: Aggiungi Tag
Nessun Tag, puoi essere il primo ad aggiungerne!!

MARC

LEADER 00000naa a2200000 4500
001 r040480
005 20230720103124.2
041 0 |a slo 
044 |a SK 
245 1 0 |a Účtovná závierka 2000 pre podvojné účtovníctvo  |c Štefan Kardoš, Vladimír Pastierik 
520 |a Prehľad všeobecne záväzných právnych noriem. Prehľad prác a úloh pred uzatvorením účtovných kníh. Uzavieranie účtovných kníh. Zostavenie účtovnej závierky. 
610 2 0 |a závierka účtovná 
610 2 0 |a účtovníctvo podvojné 
610 2 0 |a súvaha 
610 2 0 |a výsledovka 
610 2 0 |a normy právne 
610 2 0 |a Slovensko 
610 2 0 |a 2000 
100 1 |a Kardoš, Štefan 
700 1 |a Pastierik, Vladimír